Clubs de la Challenge Cup 2025-2026. - Statistiques

Statistiques générales
  • Ce quiz a été pris 14 fois
  • Le résultat moyen est 14 sur 18
Statistiques - réponses
Poule Points % Correct
Stade français 0
100%
Benetton Trévise 0
92%
Lyon OU 0
92%
Racing 92 0
92%
US Montauban 0
92%
Connacht 0
92%
Ulster 0
92%
Zebre Parma 0
83%
Montpellier HR 0
83%
USA Perpignan 0
83%
Cheetahs 0
83%
Dragons 0
75%
Cardiff rugby 0
67%
Exeter Chiefs 0
67%
Newcastle Falcons 0
67%
Black Lions 0
58%
Lions 0
58%
Ospreys 0
50%
Aucun quiz correspondant
Distribution des résultats
% des personnes avec chaque résultat
Percentile par nombre de réponses
Votre historique - résultats
Vous n’avez pas pris ce quiz